Vegetables that are actually Fruits - Statistics

General Stats
  • This quiz has been taken 26 times
  • The average score is 5 of 13
Answer Stats
Answer % Correct
Tomato
96%
Eggplant
70%
Cucumber
65%
Avocado
43%
Pumpkins
43%
Squash
43%
Zucchini
43%
Bell Peppers
39%
Jalapeno Pepper
13%
Corn
9%
Olives
9%
Green Beans
4%
String Beans
4%
No matching quizzes found
Score Distribution
Percent of People with Each Score
Percentile by Number Answered
Your Score History
You have not taken this quiz